000
00233nam a2200097Ia 4500
001
986575
005
20250826221103.0
008
250824s9999 xx 000 0 und d
245
0
_a
KENDİNİ BULMAK
_c
İHSAN FAZLIOĞLU
260
_b
KETEBE
999
_c
986575
_d
986575